Normal view
MARC view
- IRWIN,PETER
Entry Personal Name
001 - CONTROL NUMBER
- control field: 91634
003 - CONTROL NUMBER IDENTIFIER
- control field: NUST
005 - DATE AND TIME OF LATEST TRANSACTION
- control field: 20220517164128.0
008 - FIXED-LENGTH DATA ELEMENTS
- fixed length control field: 220517|| aca||aabn | a|a d
040 ## - CATALOGING SOURCE
- Original cataloging agency: NUST
- Transcribing agency: NUST
100 ## - HEADING--PERSONAL NAME
- Personal name: IRWIN,PETER
670 ## - SOURCE DATA FOUND
- Source citation: Work cat.: (NUST): IRWIN,PETER., WIND TUNNEL TESTING OF HIGH RISE BUILDIINGS /, 2013.
